Diccionario técnico electro-mecánico inglés-español / (Record no. 56408)

MARC details
000 -LEADER
campo de control de longitud fija 00541nam a2200169 i 4500
001 - NÚMERO DE CONTROL
campo de control 56408
003 - IDENTIFICADOR DE NÚMERO DE CONTROL
campo de control ES-MaACL
005 - FECHA Y HORA DE LA ÚLTIMA TRANSACCIÓN
campo de control 20230906163349.0
007 - CAMPO FIJO DE DESCRIPCIÓN FÍSICA--INFORMACIÓN GENERAL
campo de control de longitud fija t|
008 - DATOS DE LONGITUD FIJA--INFORMACIÓN GENERAL
campo de control de longitud fija 031008s1966 sp ||||1| spa d
245 00 - MENCIÓN DEL TÍTULO
Título Diccionario técnico electro-mecánico inglés-español /
Mención de responsabilidad, etc. recopilado por Luis Weis Ballesteros.
260 ## - PUBLICACIÓN, DISTRIBUCIÓN, ETC.
Lugar de publicación, distribución, etc. Madrid :
Nombre del editor, distribuidor, etc. [s.n.,
Fecha de publicación, distribución, etc. 1966] (
Fabricante Artes Gráficas Reyes)
300 ## - DESCRIPCIÓN FÍSICA
Extensión 292 p. ;
Dimensiones 21 cm.
500 ## - NOTA GENERAL
Nota general Repetidas las p. 289-290.
700 1# - ENTRADA AGREGADA--NOMBRE PERSONAL
Nombre de persona Weis Ballesteros, Luis.
9 (RLIN) 116382
852 ## - LOCALIZACIÓN
Ubicación ES-MaACL
Número de control de estantería C-31620
Sublocalización o colección R.61677
Holdings
Estatus retirado Estado de pérdida Estado de daño No para préstamo Colección Biblioteca de origen Biblioteca actual Ubicación en estantería Fecha de adquisición Fuente de adquisición Total de préstamos Signatura topográfica completa Código de barras Visto por última vez Precio de reemplazo Tipo de ítem Koha
        Colección de referencia Biblioteca del Ateneo de Madrid Biblioteca del Ateneo de Madrid Depósito 2 17/01/2008     C-31620 1059246 23/02/2023 23/02/2023 Libro impreso